Statistieken voor Oekraïne Trivia Quiz

Klik hier om de quiz te nemen!

Algemene statistieken

  • Deze quiz is 454 keer genomen
  • De gemiddelde score is 12 van 22

Antwoordstatistieken

HintAntwoord% Correct
HoofdstadKiev
99%
Land waar Oekraïne tot 1991 deel van uitmaakteSovjet-Unie
82%
Grootste aan Oekraïne grenzende zeeZwarte Zee
82%
Kleinste (en armste) land dat aan Oekraïne grenstMoldavië
79%
Schiereiland dat bezet werd door Rusland in 2014Krim
78%
Plek waar een nucleaire ramp plaatsvond in 1986Tsjernobyl
74%
In 1992 gaf Oekraïne al zijn wapens van dit soort op{Atoom}wapens
71%
Meest bevolkte stad aan de zee hierbovenOdessa
60%
Dominante tak van het ChristendomOosters-{Orthodox}
56%
Vliegtuig dat in 2014 neer werd geschoten met 193 Nederlanders aan boordMH17
53%
Voormalig beroep van de huidige president Volodymyr ZelenskyCabaretier
52%
Op één na grootste stadCharkov
47%
Alfabet dat wordt gebruikt in Oekraïne{Cyrillisch} schrift
45%
Sport waarin de broers Wladimir en Vitali Klitschko kampioenen warenBoksen
44%
Langste rivier naar lengte in OekraïneDnjepr
42%
Grote ethnische groep waar Oekraïners deel van zijnSlaven
41%
Bergketen die door zuidwest-Oekraïne looptKarpaten
40%
Miljoenen stierven hierdoor in 1932 en 1933De Holodomor
{Hongersnood}
39%
Oekraïense bietensoepBorsjtsj
36%
Term voor een Oekraïense provincieOblast
35%
Etnische groep bestaande uit mensen met paarden die ooit de Russische grens verdedigdeKozakken
25%
Protesten in 2004 na stem-manipulatie en de vergiftiging van een presidentskandidaat{Oranje}revolutie
25%

Scoreverdeling

Percentiel versus Aantal Correcte Antwoorden

Procent van Mensen met Elke Score

Uw Scoregeschiedenis

U heeft deze quiz nog niet genomen